| 000 | 00438nam a22001217a 4500 | ||
|---|---|---|---|
| 008 | 230629b xxu||||| |||| 00| 0 eng d | ||
| 082 |
_a333.916 _bRUI |
||
| 100 | _cGeorge M Ruigu | ||
| 245 |
_aIrrigation Policy In kenya and Zimbabwe _bProceedings of the second intermediate seminar on irrigation Farming in Kenya and Zimbabwe Held at Juliasdale, Harare, 26-30 May, 1987` |
||
| 300 | _a420p | ||
| 700 | _cMandivamba Rukuni | ||
| 942 |
_2ddc _cBK |
||
| 999 |
_c2944 _d2944 |
||